BUBT Library Online Catalog

বাংলাদেশের ইতিহাস ১৭০৪-১৯৭১ তৃতীয় খন্ড সামাজিক ও সাংস্কৃতিক ইতিহাস / (Record no. 7203)

000 -LEADER
fixed length control field 00989nam a22002177a 4500
003 - CONTROL NUMBER IDENTIFIER
control field BUBTL
008 - FIXED-LENGTH DATA ELEMENTS--GENERAL INFORMATION
fixed length control field 240206b ||||| |||| 00| 0 eng d
020 ## - INTERNATIONAL STANDARD BOOK NUMBER
International Standard Book Number 9845120067
082 ## - DEWEY DECIMAL CLASSIFICATION NUMBER
Classification number 954.92/ Is41b/ 2007
245 ## - TITLE STATEMENT
Title বাংলাদেশের ইতিহাস ১৭০৪-১৯৭১ তৃতীয় খন্ড সামাজিক ও সাংস্কৃতিক ইতিহাস /
Statement of responsibility, etc. সিরাজুল ইসলাম
250 ## - EDITION STATEMENT
Edition statement 3rd ed
260 ## - PUBLICATION, DISTRIBUTION, ETC. (IMPRINT)
Place of publication, distribution, etc. ঢাকা:
Name of publisher, distributor, etc. বাংলাদেশ এশিয়াটিক সোসাইটি,
Date of publication, distribution, etc. c2007
300 ## - PHYSICAL DESCRIPTION
Extent 653 p. :
Dimensions 24 cm.
500 ## - GENERAL NOTE
General note Includes Index
505 ## - FORMATTED CONTENTS NOTE
Formatted contents note বাংলাদেশের ইতিহাস, সামাজিক ও সাংস্কৃতিক ইতিহাস
650 #0 - SUBJECT ADDED ENTRY--TOPICAL TERM
9 (RLIN) 1755
Topical term or geographic name as entry element মুক্তিযুদ্ধ
700 ## - ADDED ENTRY--PERSONAL NAME
9 (RLIN) 5554
Personal name ইসলাম, সিরাজুল
856 ## - ELECTRONIC LOCATION AND ACCESS
Password 0
Logon 0
Link text Download
942 ## - ADDED ENTRY ELEMENTS (KOHA)
Source of classification or shelving scheme
Koha item type Books
Holdings
Withdrawn status Lost status Source of classification or shelving scheme Damaged status Not for loan Collection code Permanent location Current location Shelving location Date acquired Source of acquisition Inventory number Total Checkouts Full call number Barcode Date last seen Copy number Price effective from Koha item type
          Non-fiction Bangladesh University of Business and Technology Library Bangladesh University of Business and Technology Library Historical Books 09/14/2023 Purchase 29697   954.92/ Is41b/ 2007 BUBTL-200329697 02/07/2024 C-1 02/07/2024 Books

More Information About Library

Library Hours

  • Open: 9.00 am. to 9.00 pm.
  • Only Sunday: 9.00 am. to 6.00 pm.
  • Closed: Holiday

Contact to the University

Bangladesh University of Business and Technology Library

  • Mirpurl-2, 1216.
  • Phone:
  • Fax:
  • E-Mail: admin.library@bubt.edu.bd

Contact to the Library

Contact Person:

Md. Abdul Hakim Shah
Joint Librarian
PABX No:  113
Cell No: 01816332931
E-mail: official: admin.library@bubt.edu.bd
Personal: hakim.shah@bubt.edu.bd


BUBT Library

Copyright © 2021